Learning Resource and Development

Teaching and learning in nursing : (Record no. 29560)

MARC details
000 -LEADER
fixed length control field 01515cas a2200397 i 4500
003 - CONTROL NUMBER IDENTIFIER
control field CSPC
005 - DATE AND TIME OF LATEST TRANSACTION
control field 20260213123133.0
008 - FIXED-LENGTH DATA ELEMENTS--GENERAL INFORMATION
fixed length control field 120525c2022 nyuqr j i 00 a0eng c
022 0# - INTERNATIONAL STANDARD SERIAL NUMBER
International Standard Serial Number 1557-3087
Source 1
040 ## - CATALOGING SOURCE
Original cataloging agency CSPC
Language of cataloging eng
Transcribing agency CSPC
Description conventions rda
050 00 - LIBRARY OF CONGRESS CALL NUMBER
Classification number RT1
Item number .T43
245 00 - TITLE STATEMENT
Title Teaching and learning in nursing :
Remainder of title official journal of the national organization for associate degree nursing.
264 #1 - PRODUCTION, PUBLICATION, DISTRIBUTION, MANUFACTURE, AND COPYRIGHT NOTICE
Place of production, publication, distribution, manufacture New York, NY :
Name of producer, publisher, distributor, manufacturer Elsevier Inc.,
Date of production, publication, distribution, manufacture, or copyright notice 2022.
300 ## - PHYSICAL DESCRIPTION
Extent volumes :
Other physical details illustrations ;
Dimensions 28 cm.
310 ## - CURRENT PUBLICATION FREQUENCY
Current publication frequency Quarterly
336 ## - CONTENT TYPE
Content type term text
Content type code txt
Source rdacontent
337 ## - MEDIA TYPE
Media type term unmediated
Media type code n
Source rdamedia
338 ## - CARRIER TYPE
Carrier type term volume
Carrier type code nc
Source rdacarrier
362 ## - DATES OF PUBLICATION AND/OR SEQUENTIAL DESIGNATION
Dates of publication and/or sequential designation Volume 17, Number 3
362 ## - DATES OF PUBLICATION AND/OR SEQUENTIAL DESIGNATION
Dates of publication and/or sequential designation Volume 17, Number 4
490 ## - SERIES STATEMENT
Series statement official Journal of the National Organization for Associate Degree Nursing.
504 ## - BIBLIOGRAPHY, ETC. NOTE
Bibliography, etc. note Includes bibliographical references.
521 ## - TARGET AUDIENCE NOTE
Target audience note Bachelor of Science in Nursing CHS
650 #0 - SUBJECT ADDED ENTRY--TOPICAL TERM
Topical term or geographic name entry element Nursing
Form subdivision Periodicals.
650 #0 - SUBJECT ADDED ENTRY--TOPICAL TERM
Topical term or geographic name entry element Education
General subdivision Nursing
Form subdivision Periodicals.
650 #0 - SUBJECT ADDED ENTRY--TOPICAL TERM
Topical term or geographic name entry element Nursing
General subdivision Research
Form subdivision Periodicals.
650 22 - SUBJECT ADDED ENTRY--TOPICAL TERM
Topical term or geographic name entry element Education, Nursing, Associate.
650 22 - SUBJECT ADDED ENTRY--TOPICAL TERM
Topical term or geographic name entry element Nursing Research.
650 #7 - SUBJECT ADDED ENTRY--TOPICAL TERM
Topical term or geographic name entry element Nursing.
Source of heading or term fast
Authority record control number or standard number (OCoLC)fst01041731
650 #7 - SUBJECT ADDED ENTRY--TOPICAL TERM
Topical term or geographic name entry element Nursing
General subdivision Research.
Source of heading or term fast
Authority record control number or standard number (OCoLC)fst01041814
655 #2 - INDEX TERM--GENRE/FORM
Genre/form data or focus term Periodical.
655 #7 - INDEX TERM--GENRE/FORM
Genre/form data or focus term Periodicals.
Source of term fast
Authority record control number or standard number (OCoLC)fst01411641
700 1# - ADDED ENTRY--PERSONAL NAME
Personal name Valdez, Anna Maria,
Relator term editor.
942 ## - ADDED ENTRY ELEMENTS (KOHA)
Source of classification or shelving scheme Dewey Decimal Classification
Koha item type Serials
Classification part 610
Item part T220
Call number prefix SER
Call number suffix 2023
Suppress in OPAC No
Holdings
Withdrawn status Lost status Source of classification or shelving scheme Damaged status Not for loan Home library Current library Shelving location Date acquired Serial Enumeration / chronology Total Checkouts Full call number Barcode Date last seen Copy number Price effective from Koha item type Public note
    Dewey Decimal Classification   Not For Loan Main Library Main Library Serials 12/05/2025 Volume 17, Number 3 July 2022   SER NUR 17 v.17 n.3 2022 01391S 05/14/2025 1-1 12/05/2025 Serials Journal
    Dewey Decimal Classification   Not For Loan Main Library Main Library Serials 12/05/2025 Volume 17, Number 4 October 2022   SER NUR 17 v.17 n.4 2022 01392S 12/05/2025 1-1 12/05/2025 Serials Journal